00964 2200217 4500001002100000005001500021035002000036007000300056008004100059020001800100082001000118084001600128100001700144245010700161250000600268260005300274300004900327650001900376504001600395520033500411INLIS00000000000208920250815115724 a0010-0825000365ta250815 g 0 ind  a9786024526603 a358.4 a358.4 CHA m0 aChappy Hakim1 aMartabat Ibu Pertiwi di Selat Malaka /cChappy Hakim (Penulis); Rahma Pratiwi, Linda Irawati (Editor); a- aJakarta :bGramedia Widiasarana Indonesia,c2017 a148 hlm :bteks, ilustrasi berwarna ;c23 cm 4aAngkatan Udara aHalaman 148 aBuku Martabat Ibu Pertiwi di Selat Malaka adalah sebuah buku yang bertujuan memberikan penjelasan tentang segala sesuatu terkait FIR atau Flight Information Region. Sebuah terminologi dalam bidang International Aviation yang belakangan ini muncul ke permukaan dengan penafsiran yang bermacam-macam, khususnya tentang FIR Singapura